Nové Nariadenie ES o práve rozhodnom pre zmluvné záväzky - Rím I.

Bibliographic Details
Main Author: Júdová, Elena, 1973- (Author)
Format: Article
Language:Slovak
ISSN:1335-6461
Subjects:

MARC

LEADER 00000nab a2200000 a 4500
001 vtls009467987
003 SK-MaSNL
005 20260305010220.0
008 250507c2008 xo mr|p|||||||000 b|slo
015 |a SNBRB2009/01  |2 snkbucl 
035 |a (uuid)638d692e-f7db-4ecc-9055-24d0c21cc69b 
035 |a urn:nbn:sk:snk-ab13z4 
035 |a (urnnbn)urn:nbn:sk:snk:ar-003set 
038 |a SNKBUCL 
040 |a SNKBUCL  |b slo  |c SNKBUCL  |e AACR2 
041 0 |a slo 
044 |a xo  |c SK 
080 |a 347.44  |2 2001 
080 |a 341  |x (4)  |2 2001 
100 1 |a Júdová, Elena,  |d 1973-  |4 aut  |9 254938 
245 1 0 |a Nové Nariadenie ES o práve rozhodnom pre zmluvné záväzky - Rím I.  |c Elena Júdová 
504 |a Bibliogr. odkazy 
610 2 7 |a Európske spoločenstvo  |2 snkbucl  |9 31025 
650 0 7 |a zmluvné právo  |2 snkbucl  |9 74561 
650 0 7 |a zmluvné záväzky  |2 snkbucl  |9 1585413 
650 0 7 |a rozhodné právo  |2 snkbucl  |9 347882 
650 0 7 |a európske právo  |2 snkbucl  |9 4431 
773 0 |t Justičná revue  |g Roč. 60, č. 12 (2008), s. 1725-1742  |x 1335-6461 
850 |a Slovenská národná knižnica 
852 |a Slovenská národná knižnica 
954 |a odborná, vedecká literatúra pôvodná (slovenská)  |2 lita 
958 |a article27 
958 |a OND 
958 |a SK 
958 |a NB 
958 |a EUIPO 
999 |c 3245437  |d 3247367